[Event "Fowlerville (Jun)"]
[Site "?"]
[Date "1994.??.??"]
[Round "?"]
[White "Charette, K."]
[Black "Woods, I."]
[Result "1-0"]
[WhiteElo "1605"]
[BlackElo "1605"]
[PlyCount "117"]
[EventDate "1994.??.??"]

1. d4 Nf6 2. Nc3 e6 3. e4 Bb4 4. Bd2 c5 5. a3 Bxc3 6. Bxc3 cxd4 7. Qxd4 Nc6 8.
Qe3 d5 9. O-O-O O-O 10. Bxf6 Qxf6 11. exd5 exd5 12. Rxd5 Be6 13. Rd1 Ne5 14.
Be2 Bg4 15. h3 Bxe2 16. Nxe2 Nc4 17. Qb3 Na5 18. Qb4 Qxf2 19. Qxa5 Qxe2 20. Rd2
Qe3 21. Rhd1 Qb6 22. Qxb6 axb6 23. Rd7 Rab8 24. R1d6 Rfe8 25. Rxb6 Re2 26.
Rbxb7 Rc8 27. Rbc7 Rf8 28. g3 Re3 29. a4 Rxg3 30. a5 Rxh3 31. a6 Rh6 32. a7 Ra6
33. Rb7 h6 34. Rb8 Rxa7 35. Rxf8+ Kxf8 36. Rxa7 g5 37. Kd2 Kg7 38. Ra6 f6 39.
Ke3 Kg6 40. Kf3 h5 41. b4 g4+ 42. Kf4 g3 43. Kxg3 Kg5 44. Re6 f5 45. Re5 h4+
46. Kf3 h3 47. Kg3 Kf6 48. Re2 f4+ 49. Kxf4 h2 50. Rxh2 Ke6 51. Rh5 Kd7 52. b5
Kc7 53. Rh6 Kc8 54. Rh7 Kd8 55. Ke5 Kc8 56. Kd6 Kb8 57. Kc6 Ka8 58. Kb6 Kb8 59.
Rh8# 1-0

[Event "Detroit (MOR/4/46)"]
[Site "?"]
[Date "1994.??.??"]
[Round "?"]
[White "Charette, K."]
[Black "Strenio, G."]
[Result "0-1"]
[WhiteElo "1605"]
[BlackElo "1605"]
[PlyCount "50"]
[EventDate "1994.??.??"]

{4/(46)} 1. d4 Nf6 2. Nc3 g6 3. e4 d6 4. Nf3 Bg7 5. Bg5 O-O 6. Qd2 Re8 7. O-O-O
a6 8. h3 b5 9. a3 Bb7 10. e5 Ne4 11. Nxe4 Bxe4 12. Qe3 Bd5 13. Rg1 Nd7 14. exd6
cxd6 15. g4 Qa5 16. b4 Qa4 17. Kb2 a5 18. Nd2 axb4 19. axb4 Qxb4+ 20. Nb3 Nc5
21. Rb1 Nxb3 22. cxb3 Bxd4+ 23. Kc2 Ra2+ 24. Kd1 Bxe3 25. Bxe3 Bf3+ 0-1

[Event "Detroit (MOR/2/68)"]
[Site "?"]
[Date "1994.??.??"]
[Round "?"]
[White "Charette, K."]
[Black "Moulter, Al"]
[Result "1-0"]
[WhiteElo "1605"]
[BlackElo "1605"]
[PlyCount "79"]
[EventDate "1994.??.??"]

{2/(68)} 1. d4 d5 2. Nf3 Nc6 3. e3 Nf6 4. Bd3 Bg4 5. O-O Qd7 6. Nbd2 O-O-O 7.
c4 Nb4 8. Qb3 Nxd3 9. Qxd3 e6 10. Ne5 Qe7 11. Nxg4 Nxg4 12. h3 dxc4 13. Nxc4
Nf6 14. Ne5 g6 15. a4 Nd7 16. Nxd7 Rxd7 17. b3 h5 18. Bb2 g5 19. e4 Bg7 20. a5
a6 21. e5 g4 22. Ra4 gxh3 23. Qxh3 h4 24. Bc3 f6 25. Rc1 fxe5 26. dxe5 Kb8 27.
Rd4 Rxd4 28. Bxd4 Re8 29. f4 Qb4 30. Rd1 Qxa5 31. Qxh4 Qb4 32. Bf2 b6 33. Rd8+
Rxd8 34. Qxd8+ Kb7 35. Qg8 Bh6 36. Qxe6 Qxf4 37. Qd5+ Kc8 38. e6 Qc1+ 39. Kh2
Bf8 40. Qa8# 1-0

[Event "Detroit (MOR/5/59)"]
[Site "?"]
[Date "1994.??.??"]
[Round "?"]
[White "Charette, K."]
[Black "Fleshman, Justin"]
[Result "1-0"]
[WhiteElo "1605"]
[BlackElo "1605"]
[PlyCount "45"]
[EventDate "1994.??.??"]

{5/(59)} 1. d4 d5 2. e4 e6 3. Nc3 Bb4 4. Nge2 Nf6 5. a3 Bxc3+ 6. Nxc3 O-O 7. e5
Nfd7 8. Bd3 g6 9. Bh6 Re8 10. Qg4 b6 11. Bg5 f6 12. exf6 Nxf6 13. Qh4 Nbd7 14.
Bb5 Rf8 15. Bc6 Rb8 16. O-O Qe7 17. Rfe1 Qe8 18. Bxd7 Nxd7 19. Nxd5 Qf7 20. Bh6
exd5 21. Bxf8 Qxf8 22. Re7 c5 23. Qxh7# 1-0

[Event "Detroit (MOR/7/30)"]
[Site "?"]
[Date "1994.??.??"]
[Round "?"]
[White "Charette, K."]
[Black "Boyle, John"]
[Result "0-1"]
[WhiteElo "1605"]
[BlackElo "1605"]
[PlyCount "86"]
[EventDate "1994.??.??"]

{7/(30)} 1. d4 d5 2. e4 dxe4 3. Nc3 Nf6 4. f3 exf3 5. Nxf3 Bg4 6. h3 Bh5 7. Bd3
Nc6 8. g4 Bg6 9. Bxg6 hxg6 10. Be3 Nxg4 11. Qe2 Nxe3 12. Qxe3 Qd7 13. Ng5 Qxd4
14. Qxd4 Nxd4 15. O-O-O e5 16. Rhe1 Nc6 17. Nb5 Bd6 18. Ne4 Rxh3 19. Nexd6+
cxd6 20. Nc7+ Kd7 21. Nxa8 Rh7 22. Rf1 Rh8 23. c4 Rxa8 24. c5 Nd4 25. cxd6 Kxd6
26. b3 Rc8+ 27. Kb1 f5 28. Rg1 Ke6 29. Rxg6+ Kf7 30. Rg3 Kf6 31. Rg2 g5 32. Rc1
Rxc1+ 33. Kxc1 e4 34. Kd1 e3 35. Ke1 e2 36. Rg3 f4 37. Rd3 Ke5 38. a3 f3 39.
Rd2 Ke4 40. Kf2 g4 41. Ke1 Ke3 42. Rxe2+ fxe2 43. a4 Nc2# 0-1

[Event "Detroit (MOR/3/54)"]
[Site "?"]
[Date "1994.??.??"]
[Round "?"]
[White "Charette, B."]
[Black "Whipple, Greg"]
[Result "0-1"]
[WhiteElo "1605"]
[BlackElo "1605"]
[PlyCount "104"]
[EventDate "1994.??.??"]

{3/(54)} 1. d4 d5 2. e3 e6 3. Nf3 Bd6 4. Bd3 Nf6 5. O-O O-O 6. Nbd2 Re8 7. Re1
Nc6 8. c3 e5 9. dxe5 Nxe5 10. Nxe5 Bxe5 11. e4 Qd6 12. g3 Bg4 13. f3 Bh3 14.
Qe2 Nh5 15. f4 Bxf4 16. gxf4 Nxf4 17. Qf3 Qg6+ 18. Qg3 Qxg3+ 19. hxg3 Nxd3 20.
Re3 dxe4 21. Nxe4 Nxc1 22. Rxc1 f5 23. Kh2 Bg4 24. Rce1 fxe4 25. Rxe4 Rxe4 26.
Rxe4 Bf5 27. Re5 Rf8 28. Kg2 Bg6 29. Re7 Re8 30. Rxe8+ Bxe8 31. Kf3 Kf7 32. Kf4
Kf6 33. g4 h6 34. b3 c5 35. a4 a5 36. c4 Bg6 37. Ke3 Kg5 38. Kd2 Kxg4 39. Kc3
h5 40. b4 axb4+ 41. Kb3 h4 42. a5 h3 43. a6 bxa6 44. Ka4 h2 45. Ka5 h1=Q 46.
Kxa6 Be8 47. Kb6 Qc6+ 48. Ka5 Qa8+ 49. Kb6 Qc8 50. Ka5 Bc6 51. Kb6 Qb7+ 52. Ka5
Qa7# 0-1

[Event "Detroit (MOR/7/40)"]
[Site "?"]
[Date "1994.??.??"]
[Round "?"]
[White "Charette, B."]
[Black "Smeckert, Dennis"]
[Result "0-1"]
[WhiteElo "1605"]
[BlackElo "1605"]
[PlyCount "106"]
[EventDate "1994.??.??"]

{7/(40)} 1. d4 d5 2. e3 Bf5 3. Nf3 Nf6 4. Nbd2 e6 5. Bd3 Bxd3 6. cxd3 Nbd7 7.
e4 Nb6 8. e5 Nfd7 9. O-O c5 10. dxc5 Bxc5 11. d4 Be7 12. Ne1 O-O 13. Nb3 Nc4
14. Qg4 g6 15. Nf3 Re8 16. Bg5 Bxg5 17. Nxg5 h6 18. Nh3 Nxb2 19. Nd2 Nc4 20.
Nf3 Qa5 21. Nhg5 hxg5 22. Nxg5 Kg7 23. Qh4 Rh8 24. Qf4 Raf8 25. h3 Qd2 26. Qg3
Rh5 27. h4 Qxd4 28. Qh3 Qxh4 29. Qxh4 Rxh4 30. Nf3 Rh6 31. Rfc1 Rfh8 32. Kf1
Ndxe5 33. Nxe5 Nxe5 34. f4 Rh1+ 35. Kf2 Nd3+ 36. Ke3 Rxc1 37. Rxc1 Nxc1 38. a4
Rc8 39. Kd4 b6 40. g3 a6 41. g4 b5 42. axb5 axb5 43. Ke5 b4 44. f5 b3 45. fxe6
fxe6 46. Kxe6 b2 47. Kxd5 b1=Q 48. Kd4 Qb5 49. Ke4 Rc4+ 50. Kf3 Qb3+ 51. Kg2
Rc2+ 52. Kh1 Nd3 53. g5 Qb1# 0-1

[Event "Fowlerville (Jun)"]
[Site "?"]
[Date "1994.??.??"]
[Round "?"]
[White "Charette, B."]
[Black "Rasor, J."]
[Result "0-1"]
[WhiteElo "1605"]
[BlackElo "1605"]
[PlyCount "82"]
[EventDate "1994.??.??"]

1. d4 Nf6 2. Nf3 g6 3. e3 Bg7 4. Nbd2 O-O 5. Bd3 d6 6. O-O Nc6 7. e4 e5 8. d5
Nb4 9. Bc4 a6 10. c3 b5 11. Be2 Nbxd5 12. exd5 Nxd5 13. c4 bxc4 14. Bxc4 Nb6
15. Bd3 d5 16. Bc2 e4 17. Ne1 a5 18. f4 Ba6 19. Rf2 e3 20. Rf3 e2 21. Qxe2 Bxe2
22. Nb3 Bxf3 23. Nxf3 Re8 24. Nbd4 Qe7 25. Bd2 Bxd4+ 26. Nxd4 Qc5 27. Bc3 Re7
28. a3 Rae8 29. Kf1 Qc4+ 30. Kf2 c5 31. Nc6 Qe2+ 32. Kg1 Qe3+ 33. Kf1 Qxf4+ 34.
Kg1 Qe3+ 35. Kf1 Qe2+ 36. Kg1 Qxc2 37. Nxe7+ Rxe7 38. Bxa5 Qxb2 39. Rf1 Qd4+
40. Kh1 Nc4 41. Bd8 Qd3 $138 0-1

[Event "Detroit (MOR/1a/27)"]
[Site "?"]
[Date "1994.??.??"]
[Round "?"]
[White "Charette, B."]
[Black "Etienne, T."]
[Result "0-1"]
[WhiteElo "1605"]
[BlackElo "1605"]
[PlyCount "62"]
[EventDate "1994.??.??"]

1. d4 Nf6 2. Nf3 e6 3. e3 Be7 4. Bd3 d5 5. O-O O-O 6. Nbd2 Nbd7 7. Re1 b6 8. e4
dxe4 9. Nxe4 Bb7 10. Nxf6+ Nxf6 11. c3 c5 12. dxc5 Bxc5 13. Qc2 h6 14. Bg5 Bxf3
15. Bxf6 Qxf6 16. gxf3 Qxf3 17. Be4 Qg4+ 18. Kf1 Rad8 19. b4 Bd6 20. f3 Qh3+
21. Kg1 Bf4 22. Rad1 Qh4 23. Re2 Rxd1+ 24. Qxd1 Rd8 25. Qa4 Bxh2+ 26. Rxh2 Qe1+
27. Kg2 Rd2+ 28. Kh3 Qf1+ 29. Kg4 Qg1+ 30. Kf4 Qxh2+ 31. Kg4 Rg2# 0-1

[Event "Detroit (MOR/4/64)"]
[Site "?"]
[Date "1994.??.??"]
[Round "?"]
[White "Charette, B."]
[Black "Abdul-Mujeeb, N."]
[Result "1-0"]
[WhiteElo "1605"]
[BlackElo "1605"]
[PlyCount "55"]
[EventDate "1994.??.??"]

{4/(64)} 1. d4 e6 2. e4 d5 3. Bd3 Nc6 4. Nf3 Bb4+ 5. Nbd2 dxe4 6. Bxe4 Nxd4 7.
Nxd4 Qxd4 8. c3 Bxc3 9. bxc3 Qxc3 10. O-O Qxa1 11. Qc2 Nf6 12. Bc6+ bxc6 13.
Qxc6+ Nd7 14. Qxa8 O-O 15. Ba3 Qxa2 16. Bxf8 Nxf8 17. Qxc8 Qxd2 18. Qxc7 a5 19.
Qc1 Qb4 20. Qa1 h6 21. h3 Nd7 22. Rb1 Qd6 23. Rb7 Nc5 24. Rb5 a4 25. Qb1 g6 26.
Rb8+ Kh7 27. Qb2 Qf4 28. Qh8# 1-0

[Event "Novi (MI Women/2/8)"]
[Site "?"]
[Date "1994.??.??"]
[Round "?"]
[White "Chambers, M."]
[Black "Zarzycki, Katherine"]
[Result "1-0"]
[WhiteElo "1605"]
[BlackElo "1605"]
[PlyCount "118"]
[EventDate "1994.??.??"]

{2/(8)} 1. d4 d5 2. Nf3 e6 3. Nc3 Nf6 4. Bg5 Bb4 5. Qd2 O-O 6. Bxf6 gxf6 7. a3
Bd6 8. O-O-O e5 9. e3 exd4 10. Nxd4 Na6 11. Nxd5 Bc5 12. Bd3 Bg4 13. f3 Bd7 14.
Rhe1 Nb4 15. Nxb4 Bxb4 16. Qxb4 Be6 17. Qxb7 Bd5 18. Qb4 Ba2 19. Nc6 Qd5 20. e4
Qxc6 21. Qb5 Qe6 22. b3 c6 23. Bc4 Qc8 24. Qc5 Bxb3 25. Bxb3 Qc7 26. h3 Rab8
27. Rd6 Rb6 28. Rxf6 Ra6 29. g4 Qa5 30. Qxa5 Rxa5 31. Kb2 Rb8 32. Ka2 Rb6 33.
Bxf7+ Kg7 34. Rf4 Rba6 35. Re3 Rc5 36. Kb2 Rb5+ 37. Kc3 Rxa3+ 38. Kd4 Rb4+ 39.
Ke5 Ra5+ 40. Ke6 c5 41. Kf5 c4+ 42. e5 Rb7 43. h4 Rxf7+ 44. Ke4 c3 45. Rxf7+
Kxf7 46. h5 Ra2 47. Re2 Ra5 48. g5 Ra4+ 49. Kf5 a6 50. g6+ Ke7 51. gxh7 Rd4 52.
h8=Q Rd8 53. Qf6+ Kd7 54. Qd6+ Kc8 55. Qxd8+ Kxd8 56. h6 a5 57. Re1 a4 58. h7
Ke7 59. h8=Q Kd7 1-0

[Event "Novi (MI Women/5/7)"]
[Site "?"]
[Date "1994.??.??"]
[Round "?"]
[White "Chambers, M."]
[Black "Zarzycki, Amanda"]
[Result "1-0"]
[WhiteElo "1605"]
[BlackElo "1605"]
[PlyCount "43"]
[EventDate "1994.??.??"]

{5/(7)} 1. d4 d5 2. Nc3 e5 3. Nf3 Bd6 4. dxe5 Bc5 5. Nxd5 Qd7 6. e4 f6 7. exf6
gxf6 8. Bc4 Qe6 9. Nxc7+ Kf8 10. Nxe6+ Bxe6 11. Bxe6 Ke7 12. Bxg8 Rxg8 13. e5
Bb4+ 14. c3 Bc5 15. b4 Bb6 16. Qd6+ Kf7 17. Qxf6+ Ke8 18. e6 Rf8 19. Qe5 Nc6
20. Qh5+ Kd8 21. Qxh7 Re8 22. Qd7# 1-0

[Event "Novi (MI Women/4/8)"]
[Site "?"]
[Date "1994.??.??"]
[Round "?"]
[White "Chambers, M."]
[Black "Poremsky, S."]
[Result "1-0"]
[WhiteElo "1605"]
[BlackElo "1605"]
[PlyCount "61"]
[EventDate "1994.??.??"]

{4/(8)} 1. d4 e6 2. Nc3 Be7 3. e3 Nf6 4. Nf3 O-O 5. Bd3 Nc6 6. O-O b6 7. e4 Na5
8. Be3 Bb7 9. Qe2 Bb4 10. Bg5 Nh5 11. Bxd8 Raxd8 12. Nh4 Nf6 13. e5 Ne8 14. Qe4
Bxe4 15. Nxe4 Nc6 16. Nf3 d6 17. exd6 cxd6 18. Neg5 f6 19. Nxh7 Rf7 20. a3 Ba5
21. b4 Nxb4 22. axb4 Bxb4 23. Rac1 Ba3 24. Rce1 Bb4 25. Rxe6 Bc3 26. Re3 Bd2
27. Nxd2 Nc7 28. Rfe1 Nd5 29. Re8+ Rxe8 30. Rxe8+ Rf8 31. Rxf8# 1-0

[Event "Flint (MI YJ Spon/4)"]
[Site "?"]
[Date "1994.??.??"]
[Round "?"]
[White "Ceterski, Tom"]
[Black "Seibert, T."]
[Result "1-0"]
[WhiteElo "1665"]
[BlackElo "1605"]
[PlyCount "47"]
[EventDate "1994.??.??"]

1. f4 d5 2. b3 e5 3. Nf3 Bg4 4. Nxe5 Bh5 5. g3 f6 6. Nf3 Bxf3 7. exf3 g5 8.
fxg5 Qe7+ 9. Be2 fxg5 10. Bb2 Bg7 11. Nc3 c6 12. d3 Nd7 13. Qd2 O-O-O 14. O-O-O
Bxc3 15. Bxc3 Ngf6 16. Rde1 Qa3+ 17. Kb1 b6 18. Qxg5 Rhf8 19. Qd2 a5 20. d4 Nb8
21. Bd3 Rf7 22. Re6 Nfd7 23. f4 Re7 24. Bb2 1-0

[Event "Flint (MI YJ Spon/2)"]
[Site "?"]
[Date "1994.??.??"]
[Round "?"]
[White "Ceterski, Tom"]
[Black "Libby, Dan"]
[Result "0-1"]
[WhiteElo "1665"]
[BlackElo "1700"]
[PlyCount "110"]
[EventDate "1994.??.??"]

1. f4 Nf6 2. b3 g6 3. Bb2 Bg7 4. Nf3 O-O 5. e3 d6 6. Be2 c5 7. O-O Nc6 8. Nc3
a6 9. a4 Bg4 10. h3 Bd7 11. g4 Ne4 12. Bd3 f5 13. Rb1 Nxc3 14. Bxc3 Bxc3 15.
dxc3 fxg4 16. Bc4+ Kh8 17. Ng5 Qc8 18. hxg4 Bxg4 19. Be2 Bd7 20. Qe1 Rg8 21.
Bc4 Rg7 22. Nf7+ Rxf7 23. Bxf7 e6 24. Qh4 Kg7 25. Bxg6 hxg6 26. Kf2 Qd8 27. Qg3
Qf6 28. Rg1 Ne7 29. Qg5 Rh8 30. Qxf6+ Kxf6 31. Rh1 Rxh1 32. Rxh1 Bc6 33. Rg1
Be4 34. Rc1 Nd5 35. c4 Nb4 36. Rd1 d5 37. cxd5 exd5 38. c3 Nd3+ 39. Ke2 c4 40.
b4 b6 41. Ra1 a5 42. bxa5 bxa5 43. Kd2 Nc5 44. Ra2 Kf5 45. Rb2 Nb3+ 46. Ke2 Kg4
47. Kf2 Nc5 48. Rb5 Nxa4 49. Rxa5 Nxc3 50. Ra1 Bd3 51. Rc1 Ne4+ 52. Kg2 Nc5 53.
Kf2 Nb3 54. Rg1+ Kf5 55. Rg5+ Ke4 0-1

[Event "Flint (MI Ch Spon/1)"]
[Site "?"]
[Date "1994.??.??"]
[Round "?"]
[White "Ceterski, Justin"]
[Black "O'Rourke, T."]
[Result "1-0"]
[WhiteElo "1605"]
[BlackElo "1605"]
[PlyCount "67"]
[EventDate "1994.??.??"]

1. f4 e6 2. b3 Nc6 3. e3 Nf6 4. Bb2 Ne4 5. Bd3 f5 6. Nf3 Be7 7. O-O O-O 8. Nc3
d5 9. Ne5 Rf6 10. Nxe4 dxe4 11. Bc4 a6 12. Nxc6 bxc6 13. Bxf6 Bxf6 14. Rb1 Qe8
15. d3 Kh8 16. dxe4 e5 17. exf5 exf4 18. exf4 g6 19. fxg6 Qxg6 20. Qf3 Bb7 21.
Bd3 Qg8 22. Rbe1 Rb8 23. Re2 c5 24. Be4 Rd8 25. Bxb7 Rd7 26. Rfe1 Qd8 27. Re8+
Qxe8 28. Rxe8+ Kg7 29. Qg4+ Kh6 30. Qxd7 Bd4+ 31. Kf1 a5 32. Re6+ Kh5 33. Qd5+
Kg4 34. Qg5# 1-0

[Event "Flint (MI Ch Spon/2)"]
[Site "?"]
[Date "1994.??.??"]
[Round "?"]
[White "Ceterski, Justin"]
[Black "Durkee, David"]
[Result "1-0"]
[WhiteElo "1605"]
[BlackElo "1830"]
[PlyCount "53"]
[EventDate "1994.??.??"]

1. f4 Nf6 2. b3 g6 3. e3 Bg7 4. Bb2 O-O 5. Nf3 d6 6. Be2 Nbd7 7. O-O Nc5 8. d3
Re8 9. Nbd2 Ncd7 10. e4 e5 11. fxe5 dxe5 12. Nc4 Ng4 13. h3 Nh6 14. Qd2 f6 15.
d4 exd4 16. Qxd4 Re7 17. Rad1 f5 18. Qd5+ Nf7 19. Nfe5 c6 20. Nxf7 cxd5 21.
Nxd8 dxc4 22. Bxc4+ Kh8 23. Nf7+ Kg8 24. Nd6+ Kf8 25. Bxg7+ Kxg7 26. exf5 Ne5
27. f6+ 1-0

[Event "Eastpointe (US Am N/2/32)"]
[Site "?"]
[Date "1994.??.??"]
[Round "?"]
[White "Carvell, John"]
[Black "Woods, O."]
[Result "1-0"]
[WhiteElo "1605"]
[BlackElo "1605"]
[PlyCount "71"]
[EventDate "1994.??.??"]

{2/(32)} 1. e4 e6 2. d4 d5 3. Nc3 c5 4. Nf3 cxd4 5. Nxd4 Bb4 6. Bd2 Qf6 7. Ndb5
Bc5 8. Qe2 Qe7 9. exd5 a6 10. Na3 Bxa3 11. bxa3 Qxa3 12. dxe6 Bxe6 13. Nd5 Qc5
14. Nf4 Qc8 15. Nxe6 Qxe6 16. Qxe6+ fxe6 17. Bc4 Kf7 18. O-O Nf6 19. Rae1 Re8
20. f4 g6 21. h3 Nbd7 22. g4 b5 23. Bb3 a5 24. a3 a4 25. Ba2 Ra6 26. f5 gxf5
27. g5 Ng8 28. Rxf5+ Kg6 29. Rxb5 h6 30. c4 hxg5 31. Rxg5+ Kh7 32. Bb1+ Kh8 33.
Bc3+ Ngf6 34. Re4 Re7 35. Rh4+ Rh7 36. Rxh7# 1-0

[Event "Warren (Warmup"]
[Site "?"]
[Date "1994.??.??"]
[Round "?"]
[White "Carvell, John"]
[Black "Rosenberg, Steve"]
[Result "0-1"]
[WhiteElo "1605"]
[BlackElo "1805"]
[PlyCount "50"]
[EventDate "1994.??.??"]

1. e4 Nf6 2. e5 Nd5 3. d4 d6 4. Nf3 Bg4 5. Be2 Nc6 6. c4 Nb6 7. Be3 Bxf3 8.
gxf3 dxe5 9. d5 Nb8 10. a4 g6 11. Nc3 Bg7 12. Qd2 N8d7 13. Bh6 O-O 14. Ne4 Nf6
15. h4 Nbd7 16. Bxg7 Kxg7 17. f4 Nxe4 18. Qe3 f5 19. h5 Rh8 20. O-O-O exf4 21.
Qxf4 Ndf6 22. Rdg1 Qd6 23. Qh4 Kf7 24. Rxg6 hxg6 25. hxg6+ Kg7 0-1

[Event "Eastpointe (EDO/3/16)"]
[Site "?"]
[Date "1994.??.??"]
[Round "?"]
[White "Carvell, John"]
[Black "Morabito, Matthew"]
[Result "0-1"]
[WhiteElo "1605"]
[BlackElo "1825"]
[PlyCount "38"]
[EventDate "1994.??.??"]

{3/(16)} 1. e4 e5 2. Nf3 d6 3. Bc4 Be7 4. d4 exd4 5. Nxd4 Nf6 6. Nc3 O-O 7. Bg5
Nxe4 8. Bxe7 Qxe7 9. Qe2 Re8 10. Nd5 Qd8 11. O-O c6 12. Rae1 cxd5 13. Bxd5 Nf6
14. Qb5 a6 15. Rxe8+ Qxe8 16. Qxe8+ Nxe8 17. Re1 Kf8 18. Be4 Nf6 19. Nf5 Nxe4
0-1

[Event "Eastpointe (EDO/2/28)"]
[Site "?"]
[Date "1994.??.??"]
[Round "?"]
[White "Carvell, John"]
[Black "Gentry, Loyd"]
[Result "1-0"]
[WhiteElo "1605"]
[BlackElo "1605"]
[PlyCount "88"]
[EventDate "1994.??.??"]

{2/(28)} 1. e4 e5 2. Nf3 Nc6 3. Bb5 d6 4. d4 Bd7 5. Nc3 Nf6 6. Bg5 Be7 7. d5
Nb8 8. Qe2 c6 9. dxc6 Bxc6 10. O-O-O O-O 11. Bxf6 Bxf6 12. Nd5 Bxd5 13. Rxd5 a6
14. Ba4 b5 15. Bb3 Nc6 16. Rhd1 Bg5+ 17. Kb1 Be7 18. Nxe5 Nxe5 19. Rxe5 Qc7 20.
Red5 b4 21. e5 dxe5 22. Rd7 Qc5 23. Qc4 Qxc4 24. Bxc4 Bf6 25. R1d6 a5 26. c3
bxc3 27. bxc3 Rac8 28. Bb3 Rxc3 29. Ra6 h6 30. Rxa5 Rcc8 31. Raa7 Rb8 32. Kb2
g5 33. Ka3 e4 34. Bxf7+ Kh8 35. Bb3 Rxb3+ 36. axb3 Kg8 37. Rh7 Bc3 38. Rxh6 Rf7
39. Rg6+ Kf8 40. Rxf7+ Kxf7 41. Rxg5 Kf6 42. Rg3 Bd4 43. Rg8 Kf5 44. g4+ Kf6 {
[Remainder illegible; 1-0, 49?]} 1-0

[Event "Warren (Warmup"]
[Site "?"]
[Date "1994.??.??"]
[Round "?"]
[White "Carvell, John"]
[Black "Forte, Joe"]
[Result "0-1"]
[WhiteElo "1605"]
[BlackElo "1940"]
[PlyCount "114"]
[EventDate "1994.??.??"]

1. e4 e6 2. d4 d5 3. Nc3 Bb4 4. e5 c5 5. a3 Ba5 6. Nf3 Nc6 7. Bb5 Nge7 8. Bg5
Bd7 9. O-O Bxc3 10. bxc3 Qc7 11. Re1 Rc8 12. dxc5 Na5 13. Bxd7+ Qxd7 14. Nd4
Rxc5 15. Nb3 Nxb3 16. cxb3 Rxc3 17. Qd4 Rxb3 18. Qxa7 O-O 19. Rab1 Nc6 20. Qa4
Rxb1 21. Rxb1 Rb8 22. f4 Nxe5 23. Qa7 Nc6 24. Qb6 d4 25. Bh4 d3 26. Bf2 d2 27.
Rd1 Qd3 28. Qb2 Rd8 29. Qxb7 Nd4 30. Bxd4 Rxd4 31. Qb8+ Rd8 32. Qe5 Qxa3 33.
Qe2 Qb4 34. g3 Qd4+ 35. Kf1 Rd5 36. Qf2 Qb2 37. Qe3 Qc2 38. Ke2 Qc4+ 39. Kf2
Qc2 40. Ke2 Kf8 41. Rxd2 Rxd2+ 42. Qxd2 Qxd2+ 43. Kxd2 Ke7 44. Kd3 Kd7 45. g4
f6 46. h4 g6 47. g5 f5 48. Kc4 Kc6 49. Kd4 Kd6 50. Ke3 Kc5 51. Kd3 Kd5 52. Ke3
Kc4 53. Kf3 Kd3 54. Kg3 Ke3 55. h5 gxh5 56. Kh4 Kxf4 57. Kxh5 e5 0-1

[Event "Flint (MI Ch Spon/4)"]
[Site "?"]
[Date "1994.??.??"]
[Round "?"]
[White "Carter, T."]
[Black "Worley, Ron"]
[Result "0-1"]
[WhiteElo "1605"]
[BlackElo "1605"]
[PlyCount "58"]
[EventDate "1994.??.??"]

1. e4 c5 2. Bb5 g6 3. Nf3 Bg7 4. Nc3 a6 5. Bd3 e5 6. O-O Nc6 7. a3 Nf6 8. Rb1
b5 9. b3 O-O 10. Ng5 Bb7 11. a4 b4 12. Na2 d5 13. Re1 dxe4 14. Bxe4 Nxe4 15.
Nxe4 Qd5 16. Nac3 bxc3 17. dxc3 Ne7 18. c4 Qc6 19. Bg5 f5 20. Bxe7 Rfe8 21. Bg5
fxe4 22. f3 exf3 23. gxf3 Rf8 24. Rf1 Rf5 25. Bc1 Raf8 26. c3 Rxf3 27. Rxf3
Rxf3 28. b4 Rxc3 29. Bd2 Qg2# 0-1

[Event "Flint (MI Ch Spon/2)"]
[Site "?"]
[Date "1994.??.??"]
[Round "?"]
[White "Carter, T."]
[Black "Shields, T."]
[Result "0-1"]
[WhiteElo "1605"]
[BlackElo "1605"]
[PlyCount "34"]
[EventDate "1994.??.??"]

1. e4 e5 2. Nf3 Nc6 3. Nc3 a6 4. Be2 Bc5 5. d4 exd4 6. Na4 Bb4+ 7. Bd2 Bxd2+ 8.
Qxd2 Nf6 9. O-O O-O 10. Ng5 d5 11. Ne6 Bxe6 12. c3 Nxe4 13. Qd1 Qg5 14. Bg4
Bxg4 15. Qb1 Nd2 16. Qc1 Bh3 17. Rd1 Qxg2# 0-1

[Event "Flint (MI Ch Spon/1)"]
[Site "?"]
[Date "1994.??.??"]
[Round "?"]
[White "Carter, T."]
[Black "Pontoni, M."]
[Result "0-1"]
[WhiteElo "1605"]
[BlackElo "1605"]
[PlyCount "28"]
[EventDate "1994.??.??"]

1. e4 e5 2. Nc3 Nf6 3. Nf3 Bc5 4. Be2 Nc6 5. O-O d5 6. d3 Be6 7. Bd2 Qd7 8. Na4
Qd6 9. c3 dxe4 10. dxe4 Nxe4 11. Bc1 O-O-O 12. Nh4 Nxf2 13. Rxf2 Qxd1+ 14. Bxd1
Rxd1# 0-1

[Event "Detroit (MOR/1a/14)"]
[Site "?"]
[Date "1994.??.??"]
[Round "?"]
[White "Carr, Jay"]
[Black "Raupp, Christine"]
[Result "1-0"]
[WhiteElo "1700"]
[BlackElo "1605"]
[PlyCount "75"]
[EventDate "1994.??.??"]

1. c4 e6 2. Nc3 f5 3. g3 b6 4. Bg2 Nc6 5. d4 Bb4 6. Nf3 Nf6 7. O-O Bxc3 8. bxc3
Bb7 9. Ba3 d6 10. Rb1 O-O 11. c5 Ne4 12. Qb3 Re8 13. cxb6 axb6 14. c4 Nxd4 15.
Nxd4 Nd2 16. Qd3 Bxg2 17. Kxg2 Nxb1 18. Rxb1 Qg5 19. Bc1 Qh5 20. Rb2 c5 21. Nb5
Red8 22. Nc7 Ra7 23. Nxe6 Re7 24. Nxd8 Rxe2 25. Rxe2 h6 26. Ne6 g5 27. Bb2 g4
28. Nf4 Qf7 29. Qd5 Kf8 30. Qxf7+ Kxf7 31. Nd5 Kg6 32. Re6+ Kf7 33. Rxh6 Kf8
34. Rh7 Kg8 35. Nf6+ Kf8 36. Bc1 f4 37. Bxf4 d5 38. Bh6# 1-0

[Event "Detroit (MOR/3/11)"]
[Site "?"]
[Date "1994.??.??"]
[Round "?"]
[White "Carr, J."]
[Black "Motley, Gerald"]
[Result "1-0"]
[WhiteElo "1700"]
[BlackElo "1605"]
[PlyCount "149"]
[EventDate "1994.??.??"]

{3/(11)} 1. c4 e5 2. Nc3 Nf6 3. g3 Bc5 4. Bg2 d6 5. d3 h6 6. e3 c6 7. Nge2 Bg4
8. a3 Qd7 9. h3 Be6 10. b4 Bb6 11. Bb2 Bc7 12. Qd2 Na6 13. g4 Bb6 14. O-O-O Bd8
15. f4 exf4 16. exf4 g6 17. Ne4 Nxe4 18. dxe4 Rh7 19. Qc3 Qe7 20. Rd2 Bc7 21.
Rhd1 O-O-O 22. c5 Nb8 23. Qf6 Qxf6 24. Bxf6 Rd7 25. cxd6 Bb6 26. Kb2 Be3 27.
Rc2 b5 28. Rc3 Bb6 29. Ng3 Bd8 30. Bxd8 Rxd8 31. Bf1 Kd7 32. e5 Rf8 33. Ne4 Rg7
34. Nf6+ Kd8 35. Rdc1 a6 36. Rxc6 Nxc6 37. Rxc6 Bc8 38. Rc7 g5 39. f5 Rh8 40.
Bg2 h5 41. Nxh5 Rgg8 42. Rxf7 Re8 43. e6 Bxe6 44. fxe6 Rxe6 45. Ng3 Rxd6 46.
Ne4 Re6 47. Ra7 Rhh6 48. Kc3 Kc8 49. Rg7 Re8 50. Rxg5 Re7 51. Rc5+ Kd7 52. g5
Rh4 53. Kd3 Kd8 54. Rd5+ Kc7 55. Rf5 Rd7+ 56. Ke3 Rh5 57. Rf6 Re7 58. Rxa6 Kb7
59. Rf6 Kc7 60. Rf5 Kb6 61. Kd4 Rd7+ 62. Ke5 Re7+ 63. Kf4 Kc6 64. Rc5+ Kb6 65.
Kg4 Rh8 66. Nf6 Re2 67. Nd7+ Ka6 68. Rc6+ Ka7 69. Rc7+ Ka6 70. Bb7+ Ka7 71.
Bf3+ Ka6 72. Bxe2 Re8 73. Kf3 Rxe2 74. Ra7+ Kxa7 75. Kxe2 1-0

[Event "Detroit (MOR/5/16)"]
[Site "?"]
[Date "1994.??.??"]
[Round "?"]
[White "Carr, J."]
[Black "Kane, Paul"]
[Result "1-0"]
[WhiteElo "1700"]
[BlackElo "1605"]
[PlyCount "59"]
[EventDate "1994.??.??"]

{5/(16)} 1. c4 e6 2. Nc3 c6 3. e4 c5 4. Nf3 Nc6 5. d4 cxd4 6. Nxd4 d6 7. Be2
Nf6 8. Be3 e5 9. Nf3 Be7 10. O-O O-O 11. a3 Be6 12. Qc2 Ng4 13. Bc1 Rc8 14. h3
Nf6 15. Rd1 b6 16. b3 Qd7 17. Ng5 Nd4 18. Qb2 Nxe2+ 19. Qxe2 h6 20. Nxe6 Qxe6
21. Ra2 Rfd8 22. Rad2 Ne8 23. Rd3 Qd7 24. a4 Qc6 25. Nd5 Rd7 26. Qh5 Rcd8 27.
Rg3 Bf8 28. Qxh6 g6 29. Qh4 Ng7 30. Nf6# 1-0

[Event "Grand Rapids (MI Am/4/28)"]
[Site "?"]
[Date "1994.??.??"]
[Round "?"]
[White "Carpenter, S."]
[Black "Reist, Douglas"]
[Result "0-1"]
[WhiteElo "1605"]
[BlackElo "1605"]
[PlyCount "62"]
[EventDate "1994.??.??"]

{4/(28)} 1. e4 c5 2. Nf3 e6 3. d4 cxd4 4. Nxd4 Nf6 5. Bd3 d6 6. Bg5 Be7 7. Nc3
a6 8. Nf3 O-O 9. e5 Ne8 10. Be4 Bxg5 11. Nxg5 Qxg5 12. O-O Qxe5 13. Qd3 Nf6 14.
Rae1 Nxe4 15. Rxe4 Qc5 16. Na4 Qc7 17. Rh4 g6 18. Rh6 f5 19. Qh3 Rf7 20. c4 b5
21. b3 bxa4 22. Qf3 Bb7 23. Qe3 e5 24. Rd1 Nc6 25. Qe1 Nd4 26. Rd3 axb3 27.
axb3 Qb6 28. Qb1 Be4 29. b4 Bxd3 30. Qxd3 Qxb4 31. Qg3 Qb1# 0-1